Statistiques concernant Top 10 buteurs français en coupe du monde

Cliquez ici pour prendre le quiz!

Statistiques générales

  • Ce quiz a été pris 208 fois
  • Le résultat moyen est 8 sur 10

Statistiques - réponses

Nombre de butsJoueurs% Correct
12Kylian Mbappe
100%
5Zinedine Zidane
95%
4Antoine Griezmann
91%
5Olivier Giroud
91%
6Thierry Henry
90%
5Michel Platini
86%
13Just Fontaine
84%
3Karim Benzema
83%
4Raymond Kopa
43%
4Dominique Rocheteau
15%

Distribution des résultats

Percentile par nombre de réponses

% des personnes avec chaque résultat

Votre développement - résultats

Vous n’avez pas pris ce quiz